Making the grade : a guide to successful communication and study /

Đã lưu trong:
書目詳細資料
主要作者: Hay, Iain, 1960-
格式: 圖書
語言:English
出版: Melbourne : Oxford University Press, 1997.
主題:
標簽: 添加標簽
沒有標簽, 成為第一個標記此記錄!
Thư viện lưu trữ: Mạng thư viện Đại học Đà Nẵng
LEADER 00895cam a2200337 i 4500
001 000045465
003 4644
005 20030227154735.0
008 010320|1997 vm 000 eng
020 |a 0195541987 
040 |a IRC  |c IRC  |d IRC 
041 0 |a eng 
082 1 4 |a 378.170281  |b HA-I 
100 1 |a Hay, Iain,  |d 1960- 
245 0 0 |a Making the grade :  |b a guide to successful communication and study /  |c Iain Hay. 
260 |a Melbourne :  |b Oxford University Press,  |c 1997. 
300 |a xviii, 254 p. :  |b ill., maps. 
630 0 4 |a Study skills. 
630 0 4 |a Academic achievement. 
650 0 4 |a Study skills. 
650 0 4 |a Academic achievement. 
OWN |a DUT 
999 |a From the UDN01 
TYP |a Monograph 
TYP |a Printed language 
980 |a Mạng thư viện Đại học Đà Nẵng